000 00398nam a2200145Ia 4500
008 231129s1998||||xx |||||||||||||| ||spa||
020 _a958-04-4579-6
040 _bspa
082 _a192 T938H
100 _aHodges Andrew
245 0 _aAlan Turing: Un filósofo natural
260 _c1998
264 _aBarcelona España; Bogotá : Norma
942 _2ddc
_cBKS
999 _c4685
_d4685